| 000 | 00372nam a22001217a 4500 | ||
|---|---|---|---|
| 082 | _a200 THE | ||
| 100 |
_aKanza Sheikh _915370 |
||
| 245 | _aTH-SOF-1483-A Hybrid Forecasting Approach for Smart Grids and PV-Systems | ||
| 260 |
_aIslamabad _bNUST College of EME _c2017 |
||
| 650 |
_a MS-CSE-15 MSTHESIS _969366 |
||
| 700 |
_aSupervisor Dr. Saad Rehman _969890 |
||
| 942 | _cCF | ||
| 999 |
_c577430 _d577430 |
||